Score 0/13 Timer 02:00
1 Play Today
Scrambled Word Answer % Correct
ENZOZone
98.2%
KPCUPuck
95.1%
OLAGGoal
92.9%
Theme that links all of the above:Ice hockey
81.6%
KEEDDeke
77%
NGIICIcing
76.6%
TESSKASkates
72.2%
INOBMZAZamboni
56.3%
TEANPLYPenalty
53.3%
STASISAssist
41.1%
DABONIGRBoarding
29.3%
HOGINURGRoughing
27.6%
KAYBAWERABreakaway
19.7%
Remove Ads.
Support Sporcle.
Get the best of Sporcle when you Go Orange. This ad-free experience offers more features, more stats, and more fun while also helping to support Sporcle. Thank you for becoming a member.

You're not logged in!

Compare scores with friends on all Sporcle quizzes.
OR
Log In

Show Comments

Extras

Top Quizzes Today


Score Distribution

Your Account Isn't Verified!

In order to create a playlist on Sporcle, you need to verify the email address you used during registration. Go to your Sporcle Settings to finish the process.

Report this User

Report this user for behavior that violates our Community Guidelines.

Details: